000 00523nam a22002057a 4500
003 OSt
005 20241121103931.0
008 241121b |||||||| |||| 00| 0 eng d
040 _cMRSPTU
041 _aENG
082 _a363.348
_bSA-D
100 _aSahni, Pardeep
245 _aDisaster Mitigation : Experiences and Reflections
250 _a11th Ed.
260 _aDelhi
_bPHI Learning Pvt. Ltd.
_c2018
300 _a214
650 _aArchitecture
700 _aDhameja, Alka & Medury, Uma
942 _2ddc
_cBK
_n0
999 _c10467
_d10467